Quizzes
Events
Quiz Creation
Community
Videos
Private Events
Remove Ads
Sign In
Join for FREE
Feedback
Dark Mode
Quiz Categories
Sports
Geography
Music
Movies
Television
Just For Fun
Miscellaneous
History
Literature
Language
Science
Gaming
Entertainment
Religion
Holiday
For Kids
Quiz Lab
Recent
Popular Today
Quiz Kudos Today
Editor Picks
Curator Picks
Quizzes by...
Day
Popularity
Type
Ratings
Length
Year
Community
Subscriptions
Recent Discussions
Orange Saloon
Badges
Playlists
Quests
Create
Leaderboards
Showdown
Live 5
Trivia Bingo
Activity
Puzzle Library
Sporcle Events
Private Events
Virtual Trivia
Globe League
Become a Host
Pub Owners
SporcleCon
Opinionation
Our Games
Videos
Blog
Mobile Apps
Partnerships
Remove Ads and Go Orange
Feedback
Literature
Harry Potter
A Song of Ice and Fire
The Hunger Games
Literary Character
Shakespeare
Book
Author
Novel
Poem
Young Adult
Children's Books
Play
Lord of the Rings
Literature
Harry Potter
A Song of Ice and Fire
The Hunger Games
Literary Character
Shakespeare
Book
Author
Novel
Poem
Young Adult
Children's Books
Play
Lord of the Rings
Random Quiz
Search Sporcle
×
Quiz Lab
Quiz Lab
Literature
Character
Type answers based on single images at one time
Type answers based on single images at one time
Slideshow
Best Score? Go Orange.
Which Hobbit Character? Stats
Can you choose the right characters from 'The Hobbit' from the choices given?
By
bakenator
3m
15 Questions
306 Plays
306 Plays
306 Plays
Comments
Comments
Give Quiz Kudos
Give Quiz Kudos
-
- Ratings
hide this ad
Replay
Link that replays current quiz
Next Quiz
Link to next quiz in quiz playlist
You Got
0%
They Got
Avg Score
86%
Avg Friend Score
Upgrade to see
Score Distribution
Jump to the score distribution portion of the page
Score
0/15
Timer
03:00
0
Plays Today
% Correct
Thranduil
96.1%
Radagast
96.1%
Gandalf
94.8%
Bard
94.1%
Dwalin
93.8%
Thorin
93.8%
Bilbo
93.1%
Gloin
92.8%
% Correct
Kili
89.9%
Tauriel
89.2%
Azog
86.9%
Bofur
78.8%
Thror
76.8%
Nori
75.5%
Yazneg
43.8%
Quiz Playlist
Details
Report
Send in Message
Add To Playlist
Slideshow:
Type answers based on single images at one time
Last Updated: Feb 16, 2017
Quiz Scoreboard
CHALLENGE
Sign Up to Join the Scoreboard
Show All
Scores
Hide
Comments
May contain spoilers
Recently Published
An Introduction to Baseball
by treessimontrees
Sports
5m
Movies - When Are They Set?
by FPL_Elf
Movies
5m
Popular People in 1961
by mucciniale
History
6m
More to Explore
Quiz From the Vault
Featured Blog Post
Where Did the Easter Bunny Come From?
hide this ad
You Might Also Like...
Tags
Character
The Hobbit
Today's Top Quizzes in Literature
Browse Literature
hide this ad
Today's Top Quizzes in Character
Browse Character
Top Contributed Quizzes in Literature
1
Sneaky Slytherin Logic Puzzle
2
One Thing in Common: Literature
3
Get The Picture: Black or White Literature
4
One Thing in Common: Literature 3
5
Harry Potter Neighbourly Logic Puzzle #3
6
One Thing in Common: Literature II
7
One Thing in Common: Books
8
Harry Potter Neighbourly Logic Puzzle #5
9
Weasley Family Reunion: Logic Puzzle
10
7 to 1: Literature by Subcategory
Explore More
Trending Topics
Marvel
NBA
Harry Potter
Anime
Disney
Kpop
Crossword
NFL
Country
Soccer
WWE
Puzzle
Song
Pokémon
The Office
hide this ad
More By:
bakenator
Quiz
Plays
Rating
Category
Featured
Created
Smallest Countries per Number of Borders
41,569
4.28
Geography
Aug 23, 2014
Family Butler Logic Problem
620
4.78
Just For Fun
Jul 17, 2020
Disney Hero by Villain
599
4.42
Movies
Jan 3, 2014
'Renegade' Lyrics
547
5.00
Music
Mar 23, 2017
Tom Cruise Movies in Order
387
4.75
Movies
Apr 9, 2020
Go to Creator's Profile
Score Distribution
Quiz Creator Spotlight
bakenator
Follow
Send a Message
Quizzes Created
-
Created Quiz Play Count
-
More By This Creator
Popular Quizzes Today
1
Find the Countries of Europe - No Outlines Minefield
2
Find the US States - No Outlines Minefield
3
The Countries of the World
4
Popular People in 1961
5
US States
6
Find the US States
7
1-10 Letter E Words III
8
Risky Map Clicking: Biggest States A-Z
More Literature Quizzes
20 Most Anthologized Poems
Published
Trending Quizzes
Risky Map Clicking: Least Populous States A-Z
1-10 Letter F Words
1-10 Letter G Words
Not Quite an Element Typing Challenge
One Thing in Common: United Kingdom
Recently Updated
Leaping Animals
pecheneg
Reality TV Shows (A-Z)
bhenderson79
Rickey Henderson's Hall of Fame Teammates
pecheneg
Champions League XIs: Arsenal
pecheneg
Quick Pick: Celebrities in WWE's Hall of Fame
aduchscher
A-Z Keypad Blitz II
pecheneg
Multiple Oscar Actors
pecheneg
Mystery Phrase Blitz: Oscar 'Best Actors'
pecheneg
F. Scott Fitzgerald Novels
LTH
Pick 3 Villains
ddd62291
Trending Topics
Crossword
Kpop
NBA
Marvel
Harry Potter
Anime
Disney
Puzzle
Soccer
Country
The Office
WWE
Song
Pokémon
NFL
Your Account Isn't Verified!
In order to create a playlist on Sporcle, you need to verify the email address you used during registration. Go to your
Sporcle Settings
to finish the process.
Report this User
Report this user for behavior that violates our
Community Guidelines
.
Details:
Send Report
Go to the Sporcle.com Mobile Site →
Comments